| 000 | 00529nam a2200181 a 4500 | ||
|---|---|---|---|
| 003 | PILC | ||
| 005 | 20160306115216.0 | ||
| 008 | 060726s1968 xx 00 eng d | ||
| 010 | _aAcc#12777,19993 | ||
| 050 |
_aBT 846.2 _bS68 1968 |
||
| 040 | _cPhilippine Baptist Theological Seminary | ||
| 100 | 1 | 0 | _aSmith, Wilbur M. |
| 245 | 1 | 0 |
_aThe biblical doctrine of Heaven / _cby Wilbur M. Smith. |
| 260 | 0 |
_aChicago, IL : _bMoody Press, _cc1968. |
|
| 300 | _a317 p. ; 22 cm. | ||
| 650 |
_aHEAVEN _xBIBLICAL TEACHING |
||
| 942 |
_cCB _2lcc |
||
| 999 |
_c4792 _d4792 |
||